MARC

LEADER 00000nas a2200000 a 4500
001 ssj0015956
003 WaSeSS
005 20200512172242.0
006 m d
007 cr n
008 021028c19959999nyubr p s s0 a0eng
010 |a  2010201914 
016 7 |a 003278576  |2 IsJJNL 
022 |a 2154-3550  |l 2154-3550  |y 2157-1082 
035 |a (WaSeSS)ssj0015956 
037 |b Conservationist, NYSDEC, 625 Broadway, Albany, NY 12233-4502 
040 |a TXU  |b eng  |c TXU  |d OCLCQ  |d AUD  |d DLC  |d OCLCQ  |d OCLCO  |d OCLCA  |d OCLCF  |d NYG  |d OCLCO  |d DLC  |d AGL  |d NYG  |d J9U  |d VT2  |d OCLCQ  |d NYG  |d ZAC  |d U3W  |d DLC  |d OCLCA  |d WYU  |d UX1  |d WaSeSS 
042 |a nsdp  |a pcc  |a dlr 
043 |a n-us-ny 
050 0 0 |a QH76.5.N7  |b C66 
070 0 |a QH76.5.N7  |b C66 
082 0 0 |a 500.9/747/05 
086 |a ENV 214-3 CONSE 76-56061  |2 nydocs 
130 0 |a New York State conservationist (1995 : Online) 
222 0 |a New York State conservationist  |b (1995. Online) 
245 1 0 |a New York State conservationist  |h [electronic resource]. 
246 3 0 |a Conservationist 
260 |a Albany, NY :  |b New York State Dept. of Environmental Conservation,  |c ©1995- 
310 |a Bimonthly 
362 0 |a Vol. 49, no. 6 (June 1995)- 
500 |a Title from title screen. 
506 |a License restrictions may limit access. 
538 |a Master and use copy. Digital master created according to Benchmark for Faithful Digital Reproductions of Monographs and Serials, Version 1. Digital Library Federation, December 2002.  |u http://purl.oclc.org/DLF/benchrepro0212  |5 MiAaHDL 
583 1 |a digitized  |c 2010  |h HathiTrust Digital Library  |l committed to preserve  |2 pda  |5 MiAaHDL 
588 |a Latest issue consulted: Vol. 71, no. 4 (Feb. 2017). 
650 0 |a Nature conservation  |z New York (State)  |v Periodicals. 
650 0 |a Natural history  |z New York (State)  |v Periodicals. 
650 0 |a Hunting  |z New York (State)  |v Periodicals. 
650 0 |a Fishing  |z New York (State)  |v Periodicals. 
650 7 |a Fishing.  |2 fast  |0 (OCoLC)fst00926650 
650 7 |a Hunting.  |2 fast  |0 (OCoLC)fst00964162 
650 7 |a Natural history.  |2 fast  |0 (OCoLC)fst01034268 
650 7 |a Nature conservation.  |2 fast  |0 (OCoLC)fst01034632 
651 7 |a New York (State)  |2 fast  |0 (OCoLC)fst01210280 
655 0 |a Electronic journals. 
710 1 |a New York (State).  |b Department of Environmental Conservation. 
776 0 8 |i Print version:  |t New York State conservationist  |x 2157-1082  |w (DLC)sn 95049098  |w (OCoLC)33332911 
777 0 8 |i Issued with:  |t New York State conservationist for kids  |w (DLC) 2007216442  |w (OCoLC)182623940 
780 0 0 |t Conservationist (Online)  |w (OCoLC)60652599 
856 4 0 |z Full text available from Research Library: 06/01/1995 to present  |u https://search.proquest.com/publication/35740